राष्ट्रीय शिक्षा नीति 2020: (Record no. 213046)
[ view plain ]
| 000 -LEADER | |
|---|---|
| fixed length control field | 01025nam a22002177a 4500 |
| 005 - DATE AND TIME OF LATEST TRANSACTION | |
| control field | 20250820154646.0 |
| 010 ## - LCCN (DPL NO) | |
| LC control number | HIN-130236 |
| 020 ## - INTERNATIONAL STANDARD BOOK NUMBER | |
| International Standard Book Number | 9789391978099 |
| Terms of availability | 495.00 |
| 035 ## - SYSTEM CONTROL NUMBER | |
| System control number | HN-102582 |
| 037 ## - SOURCE OF ACQUISITION | |
| Source of stock number/acquisition | DBAD |
| 082 ## - DEWEY DECIMAL CLASSIFICATION NUMBER | |
| Classification number | 370.54 |
| 245 ## - TITLE STATEMENT | |
| Title | राष्ट्रीय शिक्षा नीति 2020: |
| Remainder of title | रचनात्मक सुधारो की ओर/ |
| Statement of responsibility, etc | संपादक: पंकज अरोड़ा ओर उषा शर्मा |
| 250 ## - EDITION STATEMENT | |
| Edition statement | प्रथम |
| 260 ## - PUBLICATION, DISTRIBUTION, ETC. (IMPRINT) | |
| Place of publication, distribution, etc | दिल्ली |
| Name of publisher, distributor, etc | SHIPRA PUBLICATIONS |
| Date of publication, distribution, etc | 2023 |
| 270 ## - ADDRESS | |
| Address | LG 18-19 Pankaj Central Market I.P. Ext Patparganj |
| City | Delhi |
| Postal code | 110092 |
| Telephone number | +911122235152 |
| -- | 9650028065 |
| Electronic mail address | info@shiprapublication.com |
| 300 ## - PHYSICAL DESCRIPTION | |
| Extent | 214 पृ. |
| Dimensions | 23सेमी (अजिल्द) |
| 650 ## - SUBJECT ADDED ENTRY--TOPICAL TERM | |
| Topical term or geographic name as entry element | हिन्दी |
| 700 ## - ADDED ENTRY--PERSONAL NAME | |
| Personal name | अरोड़ा,पंकज |
| Relator term | संपादक |
| 9 (RLIN) | 84127 |
| 700 ## - ADDED ENTRY--PERSONAL NAME | |
| Personal name | शर्मा,उषा |
| Relator term | संपादक |
| 9 (RLIN) | 84128 |
| 942 ## - ADDED ENTRY ELEMENTS (KOHA) | |
| Institution code [OBSOLETE] | DPL |
| Item type | Hindi Books |
| Source of classification or shelving scheme | Dewey Decimal Classification |
| Classification part | 370.54 |
| Call number suffix | राष्ट्रीय |
| Withdrawn status | Lost status | Not for loan | Collection code | Home library | Current library | Date acquired | Source of acquisition | Cost, normal purchase price | Full call number | Barcode | Copy number | Cost, replacement price | Koha item type |
|---|---|---|---|---|---|---|---|---|---|---|---|---|---|
| Non-fiction | Sarojini Nagar | Sarojini Nagar | 20/08/2025 | DBAD | 495.00 | 370.54 राष्ट्रीय | HN-102582 | 1 | 495.00 | Hindi Books |
